000 00371nam a22001697a 4500
005 20160625143017.0
008 160625b xxu||||| |||| 00| 0 eng d
020 _a81-85989-60-5
041 _aeng
082 _b10082
100 _aMathur, U.C.
_9786
245 _aMarketing Research
260 _bGalgotia
300 _a61
650 _aManagement
_9241
942 _cBK
999 _c4032
_d4031